Every Lamborghini Aventador model ever - Statistics

General Stats
  • This quiz has been taken 68 times
  • The average score is 8 of 11
Answer Stats
Picture Answer % Correct
Lamborghini Aventador LP 700-4
100%
Lamborghini Aventador LP 750-4 Superveloce
96%
Lamborghini Aventador S
96%
Lamborghini Aventador SVJ
96%
Lamborghini Aventador SVJ Roadster
77%
Lamborghini Aventador LP 700-4 Roadster
73%
Lamborghini Aventador LP 750-4 Superveloce Roadster
73%
Lamborghini Aventador S Roadster
73%
Lamborghini Aventador LP 780-4 Ultimae
69%
Lamborghini Aventador LP 780-4 Ultimae Roadster
46%
Lamborghini Aventador LP 720-4 50° Anniversario
19%
No matching quizzes found
Score Distribution
Percent of People with Each Score
Percentile by Number Answered
Your Score History
You have not taken this quiz